<?xml version="1.0" encoding="UTF-8"?><?xml-stylesheet type="text/xsl" href="static/style.xsl"?><OAI-PMH xmlns="http://www.openarchives.org/OAI/2.0/" xmlns:xsi="http://www.w3.org/2001/XMLSchema-instance" xsi:schemaLocation="http://www.openarchives.org/OAI/2.0/ http://www.openarchives.org/OAI/2.0/OAI-PMH.xsd"><responseDate>2026-04-13T13:37:32Z</responseDate><request verb="GetRecord" identifier="oai:www.recercat.cat:2117/23518" metadataPrefix="marc">https://recercat.cat/oai/request</request><GetRecord><record><header><identifier>oai:recercat.cat:2117/23518</identifier><datestamp>2026-01-28T05:40:29Z</datestamp><setSpec>com_2072_1033</setSpec><setSpec>col_2072_452950</setSpec></header><metadata><record xmlns="http://www.loc.gov/MARC21/slim" xmlns:dcterms="http://purl.org/dc/terms/" xmlns:xsi="http://www.w3.org/2001/XMLSchema-instance" xmlns:doc="http://www.lyncode.com/xoai" xsi:schemaLocation="http://www.loc.gov/MARC21/slim http://www.loc.gov/standards/marcxml/schema/MARC21slim.xsd">
   <leader>00925njm 22002777a 4500</leader>
   <datafield ind2=" " ind1=" " tag="042">
      <subfield code="a">dc</subfield>
   </datafield>
   <datafield ind2=" " ind1=" " tag="720">
      <subfield code="a">Díaz, Patricia</subfield>
      <subfield code="e">author</subfield>
   </datafield>
   <datafield ind2=" " ind1=" " tag="720">
      <subfield code="a">Ramírez, Antonio</subfield>
      <subfield code="e">author</subfield>
   </datafield>
   <datafield ind2=" " ind1=" " tag="720">
      <subfield code="a">Guisado, Francisco</subfield>
      <subfield code="e">author</subfield>
   </datafield>
   <datafield ind2=" " ind1=" " tag="720">
      <subfield code="a">Moreno, Emilio</subfield>
      <subfield code="e">author</subfield>
   </datafield>
   <datafield ind2=" " ind1=" " tag="720">
      <subfield code="a">Miró Recasens, José Rodrigo</subfield>
      <subfield code="e">author</subfield>
   </datafield>
   <datafield ind2=" " ind1=" " tag="720">
      <subfield code="a">Botella Nieto, Ramón</subfield>
      <subfield code="e">author</subfield>
   </datafield>
   <datafield ind2=" " ind1=" " tag="260">
      <subfield code="c">2014</subfield>
   </datafield>
   <datafield ind2=" " ind1=" " tag="520">
      <subfield code="a">En los últimos años, dentro de la corriente de creciente concienciación y endurecimiento de las diferentes normativas ambientales, se han ido valorando y tratando de corregir los impactos que provoca sobre el medio ambiente la fabricación y aplicación de mezclas bituminosas. El concepto de sostenibilidad ha llegado al campo de las mezclas bituminosas con tres componentes principales: la reducción de costes, la reducción de emisiones y la reducción del consumo de materias primas, preservando recursos para el futuro. Las actividades de conservación y rehabilitación de los firmes de las carreteras y otras vías de baja velocidad, generan una cantidad creciente de residuos procedentes del fresado de las capas de mezclas bituminosas deterioradas. Este material, que tiene un coste elevado y unas propiedades excepcionales, debe reutilizarse en mezclas del mismo tipo y función para su óptimo aprovechamiento. Cada vez estamos más obligados a prever soluciones para los residuos generados en obras de este tipo y obtener mezclas a menor temperatura. En esta comunicación se presenta el proyecto de investigación y desarrollo de mezclas que permitan obtener rodaduras templadas recicladas aptas para vías urbanas, que contribuyan a la sostenibilidad del patrimonio vial urbano mediante la reutilización de materiales de alta calidad con bajo consumo de energía y baja generación de emisiones en su fabricación, mejorando la durabilidad de los firmes y la gestión y explotación de los recursos necesarios para construirlos.</subfield>
   </datafield>
   <datafield ind2=" " ind1=" " tag="520">
      <subfield code="a">Postprint (published version)</subfield>
   </datafield>
   <datafield tag="653" ind2=" " ind1=" ">
      <subfield code="a">Àrees temàtiques de la UPC::Enginyeria civil::Materials i estructures</subfield>
   </datafield>
   <datafield tag="653" ind2=" " ind1=" ">
      <subfield code="a">Àrees temàtiques de la UPC::Enginyeria civil::Infraestructures i modelització dels transports::Transport per carretera</subfield>
   </datafield>
   <datafield tag="653" ind2=" " ind1=" ">
      <subfield code="a">Bituminous materials--Environmental aspects</subfield>
   </datafield>
   <datafield tag="653" ind2=" " ind1=" ">
      <subfield code="a">Materials bituminosos -- Reciclatge</subfield>
   </datafield>
   <datafield ind2="0" ind1="0" tag="245">
      <subfield code="a">Rodaduras urbanas sostenibles</subfield>
   </datafield>
</record></metadata></record></GetRecord></OAI-PMH>